Návrh opatrení pre zdokonalenie motivačného programu a sociálneho programu v podniku ZF SACHS, a.s. Trnava = Measures proposal for improvement of motivation program and social program in company ZF SACHS Slovakia, a.s. Trnava : Bakalárska práca

Salvato in:
Dettagli Bibliografici
Autore principale: Cibulková, Soňa, 1985- (Autore)
Altri autori: Halada, Peter, 1981- (xxx)
Natura: Manoscritto Libro
Lingua:slovacco
Pubblicazione: Trnava : STU v Bratislave MTF UPMK, 2008
Soggetti:
Tags: Aggiungi Tag
Nessun Tag, puoi essere il primo ad aggiungerne!!

MARC

LEADER 00000ntm a22000003a 4500
001 stu172547
005 20160719155927.8
008 081014s2008----xo------------------slo-d
040 |a STU  |b slo 
041 0 |a slo 
044 |a xo 
100 1 |a Cibulková, Soňa,  |d 1985-  |4 aut  |X 33075  |7 A000033075 
245 1 |a Návrh opatrení pre zdokonalenie motivačného programu a sociálneho programu v podniku ZF SACHS, a.s. Trnava = Measures proposal for improvement of motivation program and social program in company ZF SACHS Slovakia, a.s. Trnava :  |b Bakalárska práca 
260 |a Trnava :  |b STU v Bratislave MTF UPMK,  |c 2008 
300 |a 69 s  |c príl (1 CD-ROM) 
500 |a Odbor: priemyselné inžinierstvo a manažment 
650 7 |a pracovná motivácia  |2 stusub 
650 7 |a sociálny program  |2 stusub 
700 1 |a Halada, Peter,  |d 1981-  |4 xxx  |u M190  |U MTF Materiálovotechnologická fakulta  |T MTF Katedra priemyselného inžinierstva a manažmentu  |X 4767  |U M190  |Y 167  |7 A000004767 
996 |b 284M068840  |c M*BP-3598  |l MMSKP  |s P  |a 0  |w stu172547_0001